MARC

LEADER 00000nam0a2200000 4500
001 34741
005 20231101210245.0
010 |a 5060015351 
035 |a (RuTPU)RU\TPU\book\35147 
035 |a BOOK00001799 
090 |a 34741 
100 |a 20011210d1990 m y0rusy50 ca 
101 0 |a rus 
102 |a RU 
105 |a y j 000zy 
200 1 |a Микропроцессоры и микроЭВМ в радиоэлектронных средствах  |e учебное пособие  |f В. П. Корячко 
210 |a Москва  |c Высшая школа  |d 1990 
215 |a 407 с. 
606 1 |a Радиоаппаратура  |2 stltpush  |3 (RuTPU)RU\TPU\subj\22451  |9 47204 
610 1 |a компьютеры 
610 1 |a микроконтроллеры 
610 1 |a программные средства 
610 1 |a радиоэлектронные средства 
610 1 |a микропроцессоры 
610 1 |a микроЭВМ 
610 1 |a применение 
610 1 |a учебные пособия 
675 |a 621.396.6(075.8)  |v 3 
700 1 |a Корячко  |b В. П.  |g Вячеслав Петрович 
801 0 |a RU  |b 63413507  |c 20011210  |g PSBO 
801 2 |a RU  |b 63413507  |c 20211201  |g PSBO 
900 |a Аппаратные и программные средства встраиваемых компьютеров, микроконтроллер 
942 |c BK